[Event "41st NED-ch"]
[Site "Hilversum NED"]
[Date "1985.06.27"]
[Round "11"]
[White "Van der Sterren, Paul"]
[Black "Douven, Rudy"]
[Result "1-0"]
[WhiteElo "2450"]
[BlackElo "2350"]
[EventDate "1985.06.14"]
[PlyCount "93"]

1.d4 Nf6 2.c4 e6 3.Nf3 b6 4.g3 Ba6 5.b3 Bb4+ 6.Bd2 Be7 7.Nc3 d5 8.cxd5 
Nxd5 9.Bg2 Nd7 10.Nxd5 exd5 11.O-O O-O 12.b4 c5 13.bxc5 bxc5 14.Re1 Re8 
15.Rc1 Bc4 16.Be3 cxd4 17.Nxd4 Rc8 18.Nf5 Bb4 19.Bd2 Bc5 20.Bc3 Ne5 21.Qd2
Qb6 22.Bd4 Bxd4 23.Qxd4 Qxd4 24.Nxd4 Bxa2 25.Rxc8 Rxc8 26.Ra1 Bc4 27.Rxa7 
g6 28.Bh3 Nc6 29.Rb7 Rb8 30.Rxb8+ Nxb8 31.Kg2 Kf8 32.Kf3 Ke7 33.Kf4 f6 34.
Bc8 Ba6 35.Bxa6 Nxa6 36.g4 Nc5 37.h4 h6 38.h5 gxh5 39.Nf5+ Ke6 40.gxh5 Ne4
41.f3 Nc3 42.e3 Ne2+ 43.Kg4 Ke5 44.Nxh6 d4 45.Nf7+ Ke6 46.Nd8+ Kd7 47.exd4
1-0

[Event "41st NED-ch"]
[Site "Hilversum NED"]
[Date "1985.06.27"]
[Round "11"]
[White "Van der Wiel, John"]
[Black "Kuijpers, Franciscus"]
[Result "1-0"]
[WhiteElo "2500"]
[BlackElo "2370"]
[EventDate "1985.06.14"]
[PlyCount "73"]

1.e4 g6 2.d4 Bg7 3.Nc3 d6 4.f4 Nc6 5.Be3 Nf6 6.Nf3 O-O 7.Be2 e6 8.Qd2 Ne7 
9.Ng5 b6 10.O-O-O Bb7 11.Bf3 h6 12.Nh3 c5 13.dxc5 dxc5 14.Qf2 Qe8 15.g4 
Rd8 16.Qg2 Rxd1+ 17.Rxd1 Qa8 18.g5 Nh7 19.gxh6 Bxh6 20.Qg3 Bg7 21.Rd7 Re8 
22.Qh4 Bf6 23.Ng5 Nxg5 24.fxg5 Bg7 25.Nb5 Nf5 26.exf5 Bxf3 27.fxg6 fxg6 
28.Rxg7+ Kxg7 29.Qh6+ Kg8 30.Qxg6+ Kf8 31.Nd6 Ke7 32.Nxe8 Qd5 33.b3 Be4 
34.Qg8 Bf5 35.Nf6 Qh1+ 36.Kb2 Qd1 37.Qe8+ 1-0